000 01302nam a22003737a 4500
003 CHAP
005 20220329143416.0
008 090512s2007 mx r 00010 spa d
010 _a96150
011 _a97122
020 _a9682475848
035 _a107783
040 _cCHAP
082 0 4 _a153.152
_bB83
100 1 _aBrust Carmona, Héctor.
_915816
245 1 0 _aAprendamos a aprender
_c/por Héctor Brust Carmona, Erika Brust Mascher e Ingrid Mascher Gramlich
260 _aMéxico, D.F. :
_bTrillas,
_c2007
300 _a302 p. :
_bilus., gráfs.
590 _aBATCH-UPD
_b10
_c20130110
_lUCH01
_h0625
590 _aBATCH-UPD
_b10
_c20130410
_lUCH01
_h0308
590 _aBATCH-UPD
_b10
_c20130914
_lUCH01
_h0753
590 _aCONVERSION
_b10
_c20130109
_lUCH01
_h1353
650 1 4 _aAprendizaje
_xPsicologia del.
_96372
650 1 4 _aEducación.
_935409
650 1 4 _aEnseñanza
_xMetodología.
_937086
650 1 4 _aMemoria.
_974509
650 1 4 _aSistema nervioso.
_9106730
700 1 _aBrust Mascher, Erika
_915817
700 1 _9124363
901 _aBK
942 _cLIBRO
949 _a153.152 B83
_bBC
_cLIBRO
_d33724002090025
_eLIBRO
_gI.c/e
_h110420
_i107783
_si
_t$150.00
949 _a153.152 B83
_bBC
_cLIBRO
_d33724002090066
_eLIBRO
_fc.2
_gI.c/e
_h110421
_i107783
_so
_t$150.00
999 _c96150
_d96150